| 000 | 00530nam a22001697a 4500 | ||
|---|---|---|---|
| 005 | 20250416195553.0 | ||
| 008 | 250416b |||||||| |||| 00| 0 eng d | ||
| 020 | _a9988004933 | ||
| 050 | _aLB2395 | ||
| 100 | _aEugene A. Johnson | ||
| 245 |
_aSucceeding in The World of Learning / _c[Author] Eugene A. Johnson |
||
| 250 | _a3rd ed. | ||
| 260 |
_aCape Coast _bPF Learning & Business Promotion Services _cc2008 |
||
| 300 |
_a80pages _c20cm |
||
| 500 | _aSchools and Colleges. Study and Exams Guide. | ||
| 942 |
_2lcc _cBK _e3rd ed. _n0 |
||
| 999 |
_c5495 _d5495 |
||